La vivienda de caracter social
Guardado en:
| 主要作者: | |
|---|---|
| 其他作者: | , , |
| 格式: | 圖書 |
| 出版: |
San José, Costa Rica
1988
|
| 主題: | |
| 標簽: |
添加標簽
沒有標簽, 成為第一個標記此記錄!
|
MARC
| LEADER | 00000nam a2200000Ia 4500 | ||
|---|---|---|---|
| 003 | 004631 | ||
| 005 | 20221231144344.0 | ||
| 008 | 140114s1988 cr a m 000 ||s d | ||
| 040 | |c cru CEDI | ||
| 090 | |a TFG 2109 | ||
| 100 | |a Barrantes Méndez, Adolfo |9 13604 | ||
| 245 | |a La vivienda de caracter social | ||
| 260 | |c 1988 |a San José, Costa Rica | ||
| 300 | |a 128 [apéndices] hojas(algunas plegables) : ilustraciones, 27 cm | ||
| 500 | |a Seminario de graduación (licenciatura en ingeniería civil)--Universidad de Costa Rica. Facultad de Ingeniería. Escuela de Ingeniería Civil | ||
| 501 | |a Parte I. El terreno de asentamiento | ||
| 650 | |x URBANISMO - COSTA RICA |x VIVIENDAS - COSTA RICA |9 11216 | ||
| 700 | |9 13601 |a Lobo Vargas, Luis Gustavo | ||
| 700 | |9 13602 |a Solorzano Granados, Bolivar | ||
| 700 | |9 13603 |a Vargas Castillo, Isabel Cristina | ||
| 942 | |c TFG |2 ddc | ||
| 999 | |c 20636 |d 20636 | ||
